<?xml version="1.0" encoding="UTF-8"?>
<collection xmlns="http://www.loc.gov/MARC21/slim">
 <record>
  <leader>00511pamaa2200169   4500</leader>
  <controlfield tag="001">0000021533</controlfield>
  <controlfield tag="005">20061010090000.0</controlfield>
  <datafield tag="020" ind1="0" ind2="0">
   <subfield code="a">0586089934 </subfield>
  </datafield>
  <datafield tag="090" ind1="0" ind2="0">
   <subfield code="a">PT9875.C35 </subfield>
   <subfield code="b">CAR 1989</subfield>
  </datafield>
  <datafield tag="100" ind1="1" ind2="0">
   <subfield code="a">CARPELAN </subfield>
  </datafield>
  <datafield tag="245" ind1="1" ind2="0">
   <subfield code="a">Axel : </subfield>
   <subfield code="b">a novel  </subfield>
   <subfield code="c">Bo Carpelan ; translated by David McDuff.</subfield>
  </datafield>
  <datafield tag="260" ind1="0" ind2="0">
   <subfield code="a">London: </subfield>
   <subfield code="b">Paladin/Grafton Books, </subfield>
   <subfield code="c">1989.</subfield>
  </datafield>
  <datafield tag="300" ind1=" " ind2=" ">
   <subfield code="a">374 p. ; 23 cm.</subfield>
  </datafield>
  <datafield tag="500" ind1="0" ind2="0">
   <subfield code="a">&quot;A beautiful and profound novel&quot; - cover</subfield>
  </datafield>
  <datafield tag="600" ind1="1" ind2="0">
   <subfield code="a">Carpelan, Axel, 1858-1919</subfield>
  </datafield>
  <datafield tag="600" ind1="1" ind2="0">
   <subfield code="a">Sibelius, Jean, 1865-1957</subfield>
  </datafield>
  <datafield tag="700" ind1="1" ind2="1">
   <subfield code="a">McDuff, </subfield>
   <subfield code="h">David </subfield>
  </datafield>
 </record>
</collection>
